Normal view
MARC view
- Imran,Wafa & Khan,Zainab
Entry Personal Name
001 - CONTROL NUMBER
- control field: 4872
003 - CONTROL NUMBER IDENTIFIER
- control field: NUST
005 - DATE AND TIME OF LATEST TRANSACTION
- control field: 20170922130556.0
008 - FIXED-LENGTH DATA ELEMENTS
- fixed length control field: 170922|| aca||aabn | a|a d
040 ## - CATALOGING SOURCE
- Original cataloging agency: NUST
- Transcribing agency: NUST
100 ## - HEADING--PERSONAL NAME
- Personal name: Imran,Wafa & Khan,Zainab
670 ## - SOURCE DATA FOUND
- Source citation: Work cat.: (NUST): Imran,Wafa & Khan,Zainab, Repercussions of the notorious energy crisis in Pakistan: a case study, 2013
